Vista normal
Vista MARC
Entrada Materia (personas)
Número de registros utilizados en: 2
001 - CONTROL NUMBER
- control field: 98175
003 - CONTROL NUMBER IDENTIFIER
- control field: Co-BoUCM
005 - DATE AND TIME OF LATEST TRANSACTION
- control field: 20190828113459.0
008 - FIXED-LENGTH DATA ELEMENTS
- fixed length control field: 190828|| aca||aabn | a|a d
040 ## - CATALOGING SOURCE
- Original cataloging agency: Co-BoUCM
- Transcribing agency: Co-BoUCM
100 ## - HEADING--PERSONAL NAME
- Personal name: Jeong, Ho-Won
670 ## - SOURCE DATA FOUND
- Source citation: Work cat.: (Co-BoUCM)313501: Jeong, Ho-Won, International Negotiation Process and Strategies, 2016